[Event "2001/2002 World Chess Cha"]
[Site "Moscow"]
[Date "2001.11.30"]
[Round "02"]
[White "Morozevich, Alexander"]
[Black "Sasikiran, Krishnan"]
[Result "1-0"]
[WhiteElo "2739"]
[WhiteCountry "RUS"]
[BlackElo "2589"]
[BlackCountry "IND"]
[PresId "0001020203"]

1. e4 c6 2. d4 d5 3. e5 Bf5 4. c4 dxc4 5. Bxc4 e6 6. Nc3 Nd7 7. Nge2
Nb6 8. Bb3 Ne7 9. O-O Qd7 10. Nf4 h6 11. Be3 Bh7 12. Rc1 Ned5 13.
Ncxd5 Nxd5 14. Nxd5 exd5 15. Bd2 Be7 16. Rc3 Bf5 17. Bc2 h5 18. Bxf5
Qxf5 19. Qb3 Qd7 20. f4 f5 21. Rg3 Kf7 22. Bb4 Bxb4 23. Qxb4 Rae8 24.
Rff3 Re6 25. Rg5 g6 26. Ra3 b6 27. h3 h4 28. Kh2 Qe7 29. Qa4 a5 30.
Rb3 Qc7 31. Rc3 Rc8 32. Qc2 Qe7 33. g4 hxg3ep+ 34. Rcxg3 Rh8 35. Rxg6
Rxg6 36. Qxf5+ Rf6 37. exf6 Qxf6 38. Qd7+ Kf8 39. Qc8+ Kf7 40. Qc7+
Kf8 41. Rg5 Rh4 42. Qc8+ Ke7 43. Rf5 Qxd4 44. Qc7+ Ke6 45. Re5+ 1-0

[Event "2001/2002 World Chess Cha"]
[Site "Moscow"]
[Date "2001.11.30"]
[Round "02"]
[White "Svidler, Peter"]
[Black "Sulskis, Sarunas"]
[Result "1-0"]
[WhiteElo "2695"]
[WhiteCountry "RUS"]
[BlackElo "2573"]
[BlackCountry "LTU"]
[PresId "0001020215"]

1. e4 e5 2. Nf3 Nf6 3. Nxe5 d6 4. Nf3 Nxe4 5. d4 d5 6. Bd3 Nc6 7. O-O
Be7 8. c4 Nb4 9. Be2 O-O 10. Nc3 Be6 11. Nxe4 dxe4 12. Ne1 Bf5 13. Be3
Bf6 14. Qd2 a5 15. a3 Nc6 16. d5 Ne5 17. f4 exf3ep 18. Nxf3 Nxf3+ 19.
Bxf3 Re8 20. Bd4 Bxd4+ 21. Qxd4 Qe7 22. c5 Rad8 23. Rae1 Qd7 24. Rc1
Qe7 25. Rfe1 Qxe1+ 26. Rxe1 Rxe1+ 27. Kf2 Rc1 28. Qe5 Rc2+ 29. Ke3 g6
30. g4 Bc8 31. Qxc7 Re8+ 32. Kf4 Rxb2 33. d6 Rd2 34. Qxa5 Rd4+ 35. Kg3
Rd3 36. Kf2 h6 37. Qb4 g5 38. Qb2 Re6 39. a4 Bd7 40. a5 Bc6 41. Bxc6
bxc6 42. a6 Rh3 43. Kg2 Rhe3 44. d7 1-0

[Event "2001/2002 World Chess Cha"]
[Site "Moscow"]
[Date "2001.11.30"]
[Round "02"]
[White "Pigusov, Evgeny"]
[Black "Zhang, Pengxiang"]
[Result "1-0"]
[WhiteElo "2613"]
[WhiteCountry "RUS"]
[BlackElo "2487"]
[BlackCountry "CHN"]
[PresId "0001020216"]

1. Nf3 d5 2. g3 Bg4 3. Bg2 Nd7 4. c4 e6 5. d3 c6 6. O-O Bxf3 7. Bxf3
d4 8. e3 Ne5 9. Be2 h5 10. exd4 Qxd4 11. Nc3 Nf6 12. Be3 Qd7 13. d4
Neg4 14. Bg5 O-O-O 15. d5 exd5 16. cxd5 Qf5 17. Bxf6 Nxf6 18. Bd3 Qh3
19. Qf3 Ng4 20. Qh1 Ne5 21. Be4 h4 22. dxc6 Bc5 23. Qg2 Qg4 24. h3
Qxg3 25. cxb7+ Kb8 26. Na4 Bd4 27. Rac1 Qf4 28. Nc5 Rd6 29. Nd3 Nxd3
30. Bxd3 f5 31. Rc2 Bxb2 32. Rxb2 Rxd3 33. Rc2 Qd4 34. Rc8+ Rxc8 35.
bxc8Q+ Kxc8 36. Rc1+ Kd8 37. Qg5+ Kd7 38. Qxf5+ Kd6 39. Qg6+ Ke7 40.
Re1+ Kd8 41. Re8+ Kc7 42. Re7+ 1-0

[Event "2001/2002 World Chess Cha"]
[Site "Moscow"]
[Date "2001.11.30"]
[Round "02"]
[White "Milov, Vadim"]
[Black "Polgar, Judit (GM)"]
[Result "1-0"]
[WhiteElo "2614"]
[WhiteCountry "SUI"]
[BlackElo "2686"]
[BlackCountry "HUN"]
[PresId "0001020218"]

1. d4 Nf6 2. c4 e6 3. Nc3 Bb4 4. e3 O-O 5. a3 Bxc3+ 6. bxc3 c5 7. Bd3
Nc6 8. Ne2 b6 9. e4 Ne8 10. O-O Ba6 11. f4 f5 12. d5 Na5 13. e5 Bxc4
14. Bxc4 Nxc4 15. d6 b5 16. a4 a6 17. Qd3 g6 18. axb5 axb5 19. Be3
Rxa1 20. Rxa1 Qb6 21. Nc1 Ng7 22. Nb3 Rc8 23. Bf2 Nb2 24. Qc2 Na4 25.
c4 Qb8 26. Nd2 Nb6 27. cxb5 c4 28. Nf3 Nh5 29. g3 Qb7 30. Ra3 Kg7 31.
Nd4 Kf7 32. Qa2 Qe4 33. Ra7 g5 34. Qe2 Qb1+ 35. Qf1 Qe4 36. Qe2 Qb1+
37. Kg2 Kg6 38. fxg5 c3 39. Qc2 Qb4 40. Rb7 Rc4 41. Nxe6 dxe6 42. Rxb6
Qb2 43. Qd3 Rf4 44. Qe3 c2 45. d7 c1Q 46. d8Q Rxf2+ 47. Qxf2 Qxe5 48.
Qe8+ Kxg5 49. Qxe6 Qxe6 50. Rxe6 f4 51. Re5+ Kg6 52. Rc5 f3+ 53. Kxf3
Qh1+ 54. Ke3 1-0

[Event "2001/2002 World Chess Cha"]
[Site "Moscow"]
[Date "2001.11.30"]
[Round "02"]
[White "Motylev, Alexander"]
[Black "Grischuk, Alexander"]
[Result "1-0"]
[WhiteElo "2627"]
[WhiteCountry "RUS"]
[BlackElo "2666"]
[BlackCountry "RUS"]
[PresId "0001020224"]

1. e4 e5 2. Nf3 Nc6 3. Nc3 Nf6 4. Bb5 Nd4 5. Ba4 c6 6. Nxe5 d6 7. Nf3
Bg4 8. d3 d5 9. O-O dxe4 10. Nxe4 Nxe4 11. Re1 Be7 12. Rxe4 Nxf3+ 13.
gxf3 Bf5 14. Re5 Be6 15. Bb3 Bxb3 16. axb3 O-O 17. Qe2 Bd6 18. Re4 Qc7
19. Kg2 f5 20. Re6 Bxh2 21. Re7 Qd6 22. Ra4 Rf6 23. Bg5 Rg6 24. Re8+
Kf7 25. Qe7+ Qxe7 26. Rxe7+ Kg8 27. Kxh2 Rxg5 28. Rxb7 a5 29. Re7 c5
30. f4 Rg4 31. f3 Rh4+ 32. Kg3 Rh1 33. Re5 Ra6 34. Rxf5 Rah6 35. Rxc5
R1h2 36. Raxa5 R6h3+ 37. Kg4 Rh4+ 38. Kf5 h6 39. Kg6 1-0

[Event "2001/2002 World Chess Cha"]
[Site "Moscow"]
[Date "2001.11.30"]
[Round "02"]
[White "Sutovsky, Emil"]
[Black "Vallejo Pons, Francisco"]
[Result "1-0"]
[WhiteElo "2651"]
[WhiteCountry "ISR"]
[BlackElo "2630"]
[BlackCountry "ESP"]
[PresId "0001020229"]

1. e4 c5 2. Nf3 Nc6 3. Bb5 Qa5 4. Bxc6 bxc6 5. e5 c4 6. Qe2 Ba6 7. Nc3
Rb8 8. O-O Nh6 9. d4 cxd3ep 10. cxd3 Nf5 11. g4 Nh6 12. h3 e6 13. Bxh6
gxh6 14. Ne4 Be7 15. Qe3 Rxb2 16. Nd6+ Bxd6 17. exd6 Qd5 18. Qxh6 Rb5
19. Qf6 O-O 20. Rfe1 h6 21. Ne5 Qd4 22. Rad1 Qxd6 23. g5 h5 24. g6
fxg6 25. Qxg6+ Kh8 26. Qxh5+ Kg7 27. Qg5+ 1-0

[Event "2001/2002 Women World Che"]
[Site "Moscow"]
[Date "2001.11.30"]
[Round "02"]
[White "Zhu, Chen (GM)"]
[Black "Petrenko, Svetlana"]
[Result "1/2-1/2"]
[WhiteElo "2497"]
[WhiteCountry "CHN"]
[BlackElo "2357"]
[BlackCountry "MDA"]
[PresId "0002020206"]

1. d4 Nf6 2. c4 g6 3. Nc3 d5 4. cxd5 Nxd5 5. e4 Nxc3 6. bxc3 Bg7 7.
Nf3 O-O 8. Be2 c5 9. O-O Nc6 10. d5 Bxc3 11. Bh6 Nd4 12. Rc1 Nxf3+ 13.
Bxf3 Bd4 14. Bxf8 Qxf8 15. e5 b5 16. Re1 Bb7 17. d6 Bxf3 18. Qxf3 Rd8
19. Qb7 exd6 20. exd6 Qxd6 21. Qxb5 Qf4 22. Qe2 Rb8 23. g3 Qf5 24. Rc2
a5 25. Qe4 Rb1 26. Qa8+ Kg7 27. Rxb1 Qxc2 28. Rf1 Qxa2 29. Qf3 a4 30.
Re1 Qb3 31. Qa8 Qb2 32. Qf3 Qb3 33. Qa8 Qc2 34. Rf1 c4 35. Kg2 c3 36.
Qd5 Qd3 37. Ra1 c2 38. Rc1 h5 39. Qa2 Qe4+ 40. Kg1 h4 41. Qxc2 Qxc2
42. Rxc2 hxg3 43. hxg3 a3 44. Ra2 Bb2 45. Kg2 Kf6 46. Kf3 Ke5 47. Ke3
Kd5 48. Kd3 f5 49. Ke3 Ke5 50. Kd3 g5 51. Ke3 Kd5 52. Kd3 Kc5 53. g4
fxg4 54. Ke4 Kb4 55. Kf5 Bc1 56. Ra1 Bf4 57. Rb1+ Kc3 58. Rb6 Bd2 59.
Ra6 Kb3 60. Rb6+ Bb4 61. Ra6 Bd2 62. Rb6+ Kc4 63. Ra6 Kb4 64. Kxg4 Kb3
65. Rb6+ Ka4 66. Ra6+ Ba5 67. Rd6 a2 68. Rd1 Bd2 69. Kf3 Kb3 70. Rxd2
a1Q 71. Rd3+ Kc4 72. Re3 Qd1+ 73. Kg2 g4 74. Rg3 Kd5 75. Re3 Kd4 76.
Rg3 Ke4 77. Re3+ Kf4 78. Rg3 Qd5+ 79. Kg1 Qc6 80. Kh2 Kg5 81. Kg1 Kh4
82. Re3 Kg5 83. Rg3 Kf4 84. Kh2 Qc2 85. Kg2 Qd2 86. Kg1 Kf5 87. Kg2
Qf4 88. Re3 Qb4 89. Rg3 Ke5 90. Re3+ Kd4 91. Rg3 Qb7+ 92. Kg1 Qe4 93.
Kh2 Qf4 94. Kg2 Qe4+ 95. Kh2 Qf5 96. Kg2 Ke4 97. Re3+ Kf4 98. Rg3 Qd5+
99. Kg1 Qd2 100. Kg2 Kg5 101. Re3 Kh4 102. Rg3 Qd6 103. Re3 Qd5+ 104.
Kg1 Qc6 105. Rg3 Qe4 106. Kh2 Qd4 107. Kg2 Qd6 108. Re3 Kg5 109. Rg3
Kf4 110. Kg1 Qc5 111. Kg2 Qd5+ 112. Kg1 Qd1+ 113. Kg2 Ke4 114. Re3+
Kd4 115. Rg3 Qe2 116. Re3 Qb5 117. Rg3 Qd5+ 118. Kh2 Qe4 119. Re3 Qc2
120. Kg2 Qc6+ 121. Kh2 Qd5 122. Rg3 Qe4 123. Re3 Qc2 124. Kg2 Qd1 125.
Rg3 Ke4 126. Re3+ Kf4 127. Rg3 Qd5+ 128. Kh2 Qd2 129. Kg2 Kg5 130. Kg1
Kh4 131. Kg2 Qd1 132. Re3 Qd5+ 133. Kg1 Qc6 1/2-1/2

[Event "2001/2002 Women World Che"]
[Site "Moscow"]
[Date "2001.11.30"]
[Round "02"]
[White "Skripchenko, Almira"]
[Black "Zielinska, Marta"]
[Result "0-1"]
[WhiteElo "2494"]
[WhiteCountry "MDA"]
[BlackElo "2399"]
[BlackCountry "POL"]
[PresId "0002020208"]

1. e4 e6 2. d3 c5 3. Nf3 Nc6 4. c3 Nge7 5. h4 d5 6. Nbd2 b6 7. h5 h6
8. a3 a5 9. a4 Ba6 10. Nb1 Qc7 11. Na3 Rd8 12. Qc2 g5 13. hxg6ep Nxg6
14. Nb5 Bxb5 15. axb5 Na7 16. c4 Bg7 17. g3 dxe4 18. dxe4 Nc8 19. Be2
Nd6 20. Be3 Qb7 21. Bd3 f5 22. Nd2 Ne5 23. Be2 Nxe4 24. O-O-O Rxd2 25.
Bxd2 Nxf2 26. Bh5+ Ke7 27. Bg5+ hxg5 28. Qxf2 Qxh1 29. Qd2 Qxh5 30.
Qd6+ Kf7 31. Qc7+ Kf6 32. Qxb6 Qe2 0-1

[Event "2001/2002 Women World Che"]
[Site "Moscow"]
[Date "2001.11.30"]
[Round "02"]
[White "Bojkovic, Natasa"]
[Black "Baginskaite, Camilla"]
[Result "0-1"]
[WhiteElo "2452"]
[WhiteCountry "YUG"]
[BlackElo "2324"]
[BlackCountry "USA"]
[PresId "0002020212"]

1. e4 c5 2. Nc3 d6 3. Bb5+ Bd7 4. a4 Nc6 5. d3 g6 6. Nge2 Bg7 7. Bg5
Nf6 8. Qc1 O-O 9. Bh6 Nd4 10. Bxg7 Kxg7 11. O-O Bxb5 12. axb5 Qb6 13.
Nxd4 cxd4 14. Ne2 Rfc8 15. Qb1 d5 16. exd5 Nxd5 17. Rc1 Nc7 18. c4
dxc3ep 19. bxc3 Qxb5 20. Qc2 e5 21. Rab1 Qc6 22. c4 b6 23. Qb2 f6 24.
d4 exd4 25. Nxd4 Qc5 26. Nb3 Qe5 27. Qa3 Re8 28. c5 b5 29. Qa5 Nd5 30.
g3 b4 31. Re1 Qc3 32. Rec1 Qf3 33. Nd4 Qe4 34. Nb5 Qf3 35. Re1 Nc3 36.
Qc7+ Kg8 37. Nd6 Ne2+ 38. Rxe2 Rxe2 39. Qf7+ Kh8 40. Rf1 b3 41. Qc4 b2
42. Qd4 Rb8 43. Rb1 Re1+ 44. Rxe1 b1Q 45. Qd2 Rb2 46. Nf7+ Kg7 47.
Qh6+ Kg8 0-1